Stress Management For Dummie (Record no. 41105)
[ view plain ]
| 000 -LEADER | |
|---|---|
| fixed length control field | 00306nam a2200133Ia 4500 |
| 008 - FIXED-LENGTH DATA ELEMENTS--GENERAL INFORMATION | |
| fixed length control field | 240703s9999 xx 000 0 und d |
| 041 ## - LANGUAGE CODE | |
| Language code of text/sound track or separate title | eng |
| 100 ## - MAIN ENTRY--PERSONAL NAME | |
| Personal name | Elkin |
| 245 ## - TITLE STATEMENT | |
| Title | Stress Management For Dummie |
| 260 ## - PUBLICATION, DISTRIBUTION, ETC. | |
| Name of publisher, distributor, etc. | Wiley India |
| 365 ## - TRADE PRICE | |
| Currency code | RS. |
| Price amount | 399.00 |
| 906 ## - LOCAL DATA ELEMENT F, LDF (RLIN) | |
| b | 35 |
| Withdrawn status | Lost status | Source of classification or shelving scheme | Damaged status | Not for loan | Home library | Current library | Shelving location | Date acquired | Source of acquisition | Cost, normal purchase price | Total Checkouts | Full call number | Barcode | Date last seen | Date last checked out | Copy number | Cost, replacement price | Price effective from | Koha item type |
|---|---|---|---|---|---|---|---|---|---|---|---|---|---|---|---|---|---|---|---|
| Dewey Decimal Classification | IMTN | IMTN | Rack 1-B | 07/03/2024 | Aarjav Mehta (Student) | 399.00 | 1 | 155.9042 ELK | 33514 | 10/15/2024 | 07/14/2024 | 1 | 259.35 | 07/03/2024 | Books |